NOPLP Révisions - Coups et blessures - Statistiques

Statistiques générales
  • Ce quiz a été pris 4 fois
  • Le résultat moyen est 20 sur 40
Statistiques - réponses
Réponse % Correct
200 Watts
100%
C'est pas des craques
100%
Délicate
100%
Et désinvolte
100%
Quand elle me sourit
100%
200 Watts
75%
Comme une affiche au mur
75%
De finir fou de toi
75%
Délicate
75%
En paires de bottes
75%
Et désinvolte
75%
Fou de toi
75%
J'étais à deux doigts
75%
J'me détraque
75%
J'porte plainte
75%
Pour coups et blessures
75%
Tu me plaques
75%
À coups d'insomnies
50%
En paires de bottes
50%
C'est tout mon cœur qui bout hou hou
25%
Comme une affiche au mur
25%
Comme une affiche au mur
25%
De finir fou de toi
25%
D’y laisser tout mon bras
25%
Elle semble si loin de tout
25%
Et surplombes de Paris à Hong Kong
25%
Fou de toi
25%
J'étais à deux doigts
25%
J'étais à deux doigts
25%
J'porte plainte
25%
J'porte plainte
25%
J’vais l’payer c’est sûr
25%
Les yeux flous
25%
Pour coups et blessures
25%
Quand elle me fait la moue
25%
Tout mon bras
25%
Tu m'attaques et je tombe l'honneur blessé
25%
Tu me plaques
25%
Tu me plaques
25%
Tu me traques
25%
Aucun quiz correspondant
Distribution des résultats
% des personnes avec chaque résultat
Percentile par nombre de réponses
Votre historique - résultats
Vous n’avez pas pris ce quiz